[Event "Íslandsmótið í skák - áskorendaflo"]
[Site "Reykjavik"]
[Date "2021.08.07"]
[Round "1.1"]
[White "Jensson, Einar Hjalti"]
[Black "Briem, Benedikt"]
[Result "1/2-1/2"]
[WhiteElo "2349"]
[BlackElo "1858"]
[PlyCount "94"]
[EventDate "2021.08.07"]

1. d4 Nf6 2. g3 e6 3. Bg2 d5 4. Nf3 Be7 5. O-O O-O 6. c4 a6 7. Qc2 Nc6 8. a3
Na5 9. c5 b6 10. c6 Nc4 11. b3 Nd6 12. Ne5 a5 13. Bb2 Ba6 14. a4 Nf5 15. Na3
Bxa3 16. Rxa3 Qe7 17. Raa1 Rfd8 18. Rfe1 h5 19. Ba3 Qe8 20. Rad1 Ng4 21. Nxg4
hxg4 22. e4 dxe4 23. Qxe4 b5 24. d5 bxa4 25. bxa4 Nd6 26. Qxg4 Nc4 27. Bc1 e5
28. f4 f6 29. Bf1 Qe7 30. Bxc4 Bxc4 31. fxe5 Bb3 32. exf6 Bxd1 33. fxe7 Bxg4
34. exd8=Q+ Rxd8 35. Bf4 Rxd5 36. Rc1 Rd1+ 37. Rxd1 Bxd1 38. Bxc7 Bxa4 39. Bxa5
Bxc6 40. Kf2 g6 41. Ke3 Kh7 42. Kf4 Ba4 43. Kg5 Bb3 44. Bc3 Bc4 45. g4 Bb3 46.
Kf6 Bc4 47. h4 Be2 1/2-1/2

[Event "Íslandsmótið í skák - áskorendaflo"]
[Site "Reykjavik"]
[Date "2021.08.07"]
[Round "1.2"]
[White "Jonsson, Johann"]
[Black "Thorhallsson, Simon"]
[Result "0-1"]
[WhiteElo "1723"]
[BlackElo "2199"]
[PlyCount "72"]
[EventDate "2021.08.07"]

1. e4 c5 2. Nc3 d6 3. f4 g6 4. Nf3 Bg7 5. Bc4 Nc6 6. O-O e6 7. d3 Nge7 8. a3
O-O 9. Qe1 Nd4 10. Nxd4 cxd4 11. Ne2 d5 12. Ba2 dxe4 13. dxe4 Qc7 14. Bb3 d3
15. Nc3 dxc2 16. Bxc2 b5 17. Be3 Bd7 18. Rc1 Rac8 19. Bd3 Qb7 20. Qf2 a6 21.
Bc5 Rfe8 22. b4 Bc6 23. f5 exf5 24. exf5 Nxf5 25. Bxf5 gxf5 26. Qxf5 Re6 27. g3
Rce8 28. Rfd1 Bh1 29. Qh3 Bc6 30. Rf1 Qd7 31. Rcd1 Qc7 32. Nd5 Qb7 33. Nf4 Rh6
34. Qg4 Kh8 35. Rd6 Rxd6 36. Bxd6 Bd4+ 0-1

[Event "Íslandsmótið í skák - áskorendaflo"]
[Site "Reykjavik"]
[Date "2021.08.07"]
[Round "1.3"]
[White "Bergsson, Stefan"]
[Black "Baldursson, Benedikt"]
[Result "1-0"]
[WhiteElo "2158"]
[BlackElo "1714"]
[PlyCount "65"]
[EventDate "2021.08.07"]

1. e4 c5 2. Nc3 d6 3. d4 cxd4 4. Qxd4 Nc6 5. Qd2 Nf6 6. b3 a6 7. Bb2 b5 8. f3
Bb7 9. O-O-O e6 10. g4 h6 11. Kb1 b4 12. Na4 Be7 13. h4 Qc7 14. Ne2 e5 15. Qe3
Rc8 16. Bh3 Nd4 17. Nxd4 exd4 18. Qxd4 Qxc2+ 19. Ka1 Qe2 20. Qxb4 Bc6 21. Rhf1
O-O 22. g5 Nd7 23. Qd4 f6 24. Rf2 Qb5 25. gxh6 g6 26. Rg2 Kh7 27. f4 Qh5 28.
Rdg1 Rg8 29. Be6 Bxa4 30. Bxg8+ Rxg8 31. Qxa4 Nc5 32. Qd4 Qxh6 33. f5 1-0

[Event "Íslandsmótið í skák - áskorendaflo"]
[Site "Reykjavik"]
[Date "2021.08.07"]
[Round "1.4"]
[White "Skarphedinsson, Ingvar Wu"]
[Black "Baldursson, Hrannar"]
[Result "0-1"]
[WhiteElo "1616"]
[BlackElo "2148"]
[PlyCount "60"]
[EventDate "2021.08.07"]

1. e4 d6 2. d4 Nf6 3. Nc3 g6 4. Bg5 Bg7 5. f3 c6 6. Qd2 h6 7. Bf4 Qa5 8. O-O-O
Be6 9. Kb1 b5 10. d5 b4 11. dxe6 bxc3 12. exf7+ Kxf7 13. Qxc3 Qxc3 14. bxc3 d5
15. exd5 Nxd5 16. Bc4 e6 17. Bxd5 cxd5 18. Ne2 Rc8 19. Rd3 Nd7 20. Rdd1 Nb6 21.
Be3 Nc4 22. Bd4 Rab8+ 23. Ka1 Na3 24. Rc1 e5 25. Bxa7 Rb7 26. Rhd1 Rxa7 27.
Rxd5 Rb8 28. g3 Rab7 29. Rdd1 Rb1+ 30. Rxb1 Nxc2# 0-1

[Event "Íslandsmótið í skák - áskorendaflo"]
[Site "Reykjavik"]
[Date "2021.08.07"]
[Round "1.5"]
[White "Halldorsson, Jon Arni"]
[Black "Kristjansson, Halldor"]
[Result "1-0"]
[WhiteElo "2115"]
[BlackElo "1559"]
[PlyCount "89"]
[EventDate "2021.08.07"]

1. d4 d5 2. c4 c6 3. Nc3 Nf6 4. Nf3 Nbd7 5. Bf4 e6 6. e3 Be7 7. h3 O-O 8. Rc1
Bb4 9. Bd3 dxc4 10. Bxc4 b5 11. Bd3 Nd5 12. Bg3 Qe7 13. e4 Nxc3 14. bxc3 Ba3
15. Rb1 f5 16. Bh4 Qf7 17. O-O Be7 18. exf5 exf5 19. Re1 Bxh4 20. Nxh4 Nb6 21.
Qc2 Nc4 22. Qe2 Bd7 23. Bxc4 Qxc4 24. Qxc4+ bxc4 25. Re7 Bc8 26. Rb4 g5 27. Nf3
g4 28. hxg4 fxg4 29. Ne5 Bf5 30. Nxc6 Rf6 31. Rxc4 Bd3 32. Rc5 Raf8 33. Rg5+
Kh8 34. Ne5 Bf5 35. Rxa7 g3 36. Rxg3 Be6 37. f3 Rb8 38. Rgg7 Rb1+ 39. Kf2 Bxa2
40. Rxh7+ Kg8 41. Rag7+ Kf8 42. Nd7+ Ke8 43. Nxf6+ Kf8 44. Ra7 Bd5 45. Rh8+ 1-0

[Event "Íslandsmótið í skák - áskorendaflo"]
[Site "Reykjavik"]
[Date "2021.08.07"]
[Round "1.6"]
[White "Omarsson, Adam"]
[Black "Ptacnikova, Lenka"]
[Result "0-1"]
[WhiteElo "1546"]
[BlackElo "2109"]
[PlyCount "59"]
[EventDate "2021.08.07"]

1. d4 b5 2. Bf4 Bb7 3. e3 Nf6 4. Nf3 a6 5. Nbd2 e6 6. Bd3 c5 7. c3 d5 8. h3 Be7
9. O-O O-O 10. Ne5 Nc6 11. Ndf3 Ne4 12. Nxc6 Bxc6 13. Ne5 Qb6 14. Qh5 Be8 15.
Qg4 Kh8 16. Bxe4 dxe4 17. Rfd1 Ra7 18. Qg3 g5 19. dxc5 Qxc5 20. Ng6+ hxg6 21.
Be5+ f6 22. Bd4 Qc7 23. Bxa7 Qxa7 24. h4 Qc5 25. hxg5 f5 26. f4 exf3 27. Kf2 f4
28. Qh3+ Kg8 29. gxf3 fxe3+ 30. Ke2 {unreadable} 0-1

[Event "Íslandsmótið í skák - áskorendaflo"]
[Site "Reykjavik"]
[Date "2021.08.07"]
[Round "1.7"]
[White "Mai, Alexander Oliver"]
[Black "Heidarsson, Mikael Bjarki"]
[Result "1-0"]
[WhiteElo "2090"]
[BlackElo "1473"]
[PlyCount "63"]
[EventDate "2021.08.07"]

1. e4 c6 2. Nc3 d5 3. Nf3 dxe4 4. Nxe4 Nf6 5. Qe2 Nxe4 6. Qxe4 Qd5 7. Qh4 Bf5
8. Bc4 Qe4+ 9. Qxe4 Bxe4 10. Bxf7+ Kd8 11. Bb3 Bxf3 12. gxf3 e5 13. d3 Bd6 14.
Rg1 g6 15. Rg4 Rf8 16. Ke2 Nd7 17. Rh4 h5 18. Bh6 Rh8 19. Bg5+ Kc7 20. Rg1 Raf8
21. c3 Nc5 22. Bc2 Ne6 23. Be3 g5 24. Re4 Rf5 25. d4 Rhf8 26. h4 gxh4 27. Rxh4
exd4 28. Bxf5 dxe3 29. Bxe6 exf2 30. Rg7+ Kb6 31. Kxf2 Be5 32. Rb4+ 1-0

[Event "Íslandsmótið í skák - áskorendaflo"]
[Site "Reykjavik"]
[Date "2021.08.07"]
[Round "1.8"]
[White "Briem, Gudrun Fanney"]
[Black "Hardarson, Petur Palmi"]
[Result "0-1"]
[WhiteElo "1240"]
[BlackElo "2084"]
[PlyCount "87"]
[EventDate "2021.08.07"]

1. e4 c5 2. Nf3 d6 3. Bb5+ Nd7 4. c3 Ngf6 5. d3 g6 6. O-O Bg7 7. Bf4 O-O 8.
Nbd2 a6 9. Bxd7 Bxd7 10. Qb3 Bc6 11. Rfe1 e5 12. Bg5 h6 13. Bxf6 Bxf6 14. Nf1
d5 15. Ng3 Bg7 16. Rad1 Qd7 17. Qc2 Qc7 18. b3 d4 19. c4 Bd7 20. h3 Rae8 21. a3
f5 22. b4 f4 23. Ne2 g5 24. Kh2 cxb4 25. axb4 Qd8 26. Rh1 h5 27. Kg1 Re6 28.
Nh2 Rb6 29. Rb1 g4 30. hxg4 hxg4 31. Rb2 Rh6 32. g3 Rh3 33. c5 Qf6 34. Qd1 Kf7
35. Qb3+ Be6 36. Qa4 f3 37. c6 fxe2 38. Rxe2 bxc6 39. Qxa6 Bh6 40. Nxg4 Rxh1+
41. Kxh1 Qf3+ 42. Kh2 Qxg4 43. f4 Bxf4 44. Kg1 0-1

[Event "Íslandsmótið í skák - áskorendaflo"]
[Site "Reykjavik"]
[Date "2021.08.07"]
[Round "1.9"]
[White "Jonsson, Gauti Pall"]
[Black "Omarsson, Josef"]
[Result "1-0"]
[WhiteElo "2070"]
[BlackElo "1211"]
[PlyCount "51"]
[EventDate "2021.08.07"]

1. c4 d6 2. Nc3 Nf6 3. d4 g6 4. e4 Bg7 5. Be2 O-O 6. Bg5 Na6 7. Qd2 c5 8. d5
Nb4 9. a3 Qa5 10. Bxf6 Bxf6 11. Nf3 Bg4 12. O-O Na6 13. e5 dxe5 14. Nxe5 Bf5
15. Nd3 Bxd3 16. Qxd3 Nb8 17. f4 Rd8 18. f5 Nc6 19. fxg6 hxg6 20. Ne4 Bxb2 21.
Qh3 Kg7 22. Ng5 Rh8 23. Rxf7+ Kg8 24. Rh7 Nd8 25. Rxh8+ Kg7 26. Rf1 1-0

[Event "Íslandsmótið í skák - áskorendaflo"]
[Site "Reykjavik"]
[Date "2021.08.07"]
[Round "1.10"]
[White "Johannsson, Markus Orri"]
[Black "Johannsson, Birkir Isak"]
[Result "0-1"]
[WhiteElo "1117"]
[BlackElo "2052"]
[PlyCount "66"]
[EventDate "2021.08.07"]

1. e4 c5 2. Nf3 d6 3. c3 Nf6 4. Qc2 Qc7 5. Bb5+ Nbd7 6. d3 a6 7. Bxd7+ Bxd7 8.
Bg5 e6 9. Nbd2 Be7 10. O-O O-O 11. Rac1 Rac8 12. Rfe1 Rfd8 13. Qb1 b5 14. d4 h6
15. Bxf6 Bxf6 16. e5 dxe5 17. dxc5 Qxc5 18. Qe4 Bc6 19. Qe2 Qa7 20. Rcd1 Qa8
21. Qe3 Bd5 22. a3 Qb7 23. h3 Rd7 24. Ne4 Be7 25. Nxe5 Rdc7 26. Nf3 a5 27. Ned2
b4 28. cxb4 axb4 29. axb4 Qxb4 30. Ne5 Qxb2 31. Qf4 Bg5 32. Qg3 Bxd2 33. Re2
Rc1 0-1

[Event "Íslandsmótið í skák - áskorendaflo"]
[Site "Reykjavik"]
[Date "2021.08.08"]
[Round "2.1"]
[White "Thorhallsson, Simon"]
[Black "Jonsson, Gauti Pall"]
[Result "1-0"]
[WhiteElo "2199"]
[BlackElo "2070"]
[PlyCount "115"]
[EventDate "2021.08.07"]

1. d4 Nf6 2. c4 g6 3. g3 Bg7 4. Bg2 O-O 5. Nc3 d6 6. Nf3 Nc6 7. O-O e5 8. dxe5
Nxe5 9. b3 Nxf3+ 10. Bxf3 c6 11. Be3 Bh3 12. Re1 Nd7 13. Qd2 Qa5 14. Rac1 Ne5
15. Bh1 f5 16. Bh6 f4 17. Bxf4 Rxf4 18. gxf4 Ng4 19. Qd3 Qh5 20. Qg3 g5 21. Bg2
Bxg2 22. Qxg2 gxf4 23. Kh1 Ne5 24. Ne4 Ng6 25. Qg5 Qh3 26. Rg1 Rf8 27. Rcd1 f3
28. e3 Be5 29. Ng3 Kh8 30. Qh5 Nh4 31. c5 Rg8 32. cxd6 Bxg3 33. fxg3 f2 34.
Qxh4 fxg1=Q+ 35. Rxg1 Qxh4 36. gxh4 Rd8 37. Rd1 Kg7 38. Kg2 Kf6 39. Kf3 Ke5 40.
d7 c5 41. e4 Ke6 42. Kf4 h6 43. h5 Rf8+ 44. Ke3 Ke7 45. d8=Q+ Rxd8 46. Rxd8
Kxd8 47. Kf4 Kd7 48. Ke5 Kc6 49. Ke6 b5 50. Ke5 a5 51. h3 a4 52. bxa4 bxa4 53.
a3 Kb5 54. Kd5 c4 55. Kd4 c3 56. Kxc3 Kc5 57. h4 Kd6 58. Kb4 1-0

[Event "Íslandsmótið í skák - áskorendaflo"]
[Site "Reykjavik"]
[Date "2021.08.08"]
[Round "2.2"]
[White "Johannsson, Birkir Isak"]
[Black "Bergsson, Stefan"]
[Result "1/2-1/2"]
[WhiteElo "2052"]
[BlackElo "2158"]
[PlyCount "107"]
[EventDate "2021.08.07"]

1. c4 Nf6 2. Nc3 g6 3. e4 d6 4. d4 Bg7 5. h3 O-O 6. Be3 e5 7. d5 a5 8. g4 Na6
9. Nge2 c6 10. Ng3 cxd5 11. cxd5 Nd7 12. h4 Ndc5 13. Be2 Bd7 14. h5 Rb8 15. Qd2
Nb4 16. Kf1 Qe7 17. Kg2 b5 18. Rh2 f5 19. gxf5 gxf5 20. exf5 e4 21. Rg1 Kh8 22.
Kf1 Nbd3 23. Ncxe4 Nxe4 24. Nxe4 Bxf5 25. Rxg7 Kxg7 26. Bh6+ Kf7 27. Bxf8 Qxe4
28. Bxd6 Rd8 29. Bg3 Rxd5 30. Rh4 Qe7 31. Bf3 Rc5 32. Kg1 Rc1+ 33. Kh2 Qc5 34.
Be4 Bxe4 35. Rxe4 Qxh5+ 36. Bh4 Qd5 37. Qe2 Qd6+ 38. Kg2 Nf4+ 39. Rxf4+ Qxf4
40. Qe7+ Kg6 41. Qe8+ Kh6 42. Bg3 Qg5 43. Qf8+ Kg6 44. Qg8+ Kh6 45. Qf8+ Kg6
46. Qg8+ Kf6 47. Qd8+ Kf5 48. Qd5+ Kg6 49. Qg8+ Kh6 50. Qf8+ Kh5 51. Qf7+ Qg6
52. Qf3+ Kh6 53. Qf4+ Qg5 54. Qf8+ 1/2-1/2

[Event "Íslandsmótið í skák - áskorendaflo"]
[Site "Reykjavik"]
[Date "2021.08.08"]
[Round "2.3"]
[White "Baldursson, Hrannar"]
[Black "Johannsdottir, Johanna Bjorg"]
[Result "1-0"]
[WhiteElo "2148"]
[BlackElo "2019"]
[PlyCount "71"]
[EventDate "2021.08.07"]

1. g3 g6 2. Bg2 Bg7 3. Nf3 d5 4. c4 d4 5. d3 e5 6. O-O Ne7 7. e3 O-O 8. exd4
exd4 9. b4 a5 10. b5 c6 11. a4 Bf5 12. Nh4 Be6 13. Re1 Nf5 14. Nf3 h6 15. Ba3
Re8 16. Nbd2 Nd7 17. Ne4 h5 18. Ra2 Qc7 19. Rae2 Rad8 20. Neg5 cxb5 21. Nxe6
fxe6 22. axb5 e5 23. Ng5 Nf8 24. Bd5+ Rxd5 25. cxd5 Qd8 26. Bxf8 Bxf8 27. Ne6
Qxd5 28. Rxe5 Qd6 29. Qb3 a4 30. Qa2 Re7 31. Ng5+ Kg7 32. Rxe7+ Bxe7 33. Qf7+
Kh6 34. h4 Bxg5 35. hxg5+ Kxg5 36. Re6 1-0

[Event "Íslandsmótið í skák - áskorendaflo"]
[Site "Reykjavik"]
[Date "2021.08.08"]
[Round "2.4"]
[White "Petursson, Gudni"]
[Black "Halldorsson, Jon Arni"]
[Result "1-0"]
[WhiteElo "1988"]
[BlackElo "2115"]
[PlyCount "85"]
[EventDate "2021.08.07"]

1. Nf3 d5 2. c4 d4 3. b4 c5 4. Bb2 Qb6 5. Qb3 Nc6 6. b5 Na5 7. Qc2 f6 8. e3 e5
9. Bd3 Be6 10. Na3 Nh6 11. O-O O-O-O 12. exd4 exd4 13. Rfe1 g6 14. Re2 Bf7 15.
Rae1 Bd6 16. Be4 Rhe8 17. d3 Ng4 18. Bc1 Qc7 19. h3 Ne5 20. Bd2 Nxf3+ 21. Bxf3
Bf4 22. Qc1 Bxd2 23. Qxd2 b6 24. Qh6 Rxe2 25. Rxe2 Bg8 26. Nb1 Nb7 27. Nd2 f5
28. Qg5 Nd6 29. Bc6 Nf7 30. Qf6 Qd6 31. Qe7 Qc7 32. Nf3 a5 33. Qxc7+ Kxc7 34.
Re7+ Kc8 35. Rb7 Rd6 36. Rxb6 Nd8 37. Ne5 Kc7 38. Ra6 Re6 39. f4 g5 40. b6+ Kd6
41. Bd5 Re8 42. b7+ Kc7 43. Ra8 1-0

[Event "Íslandsmótið í skák - áskorendaflo"]
[Site "Reykjavik"]
[Date "2021.08.08"]
[Round "2.6"]
[White "Ragnarsson, Johann"]
[Black "Mai, Alexander Oliver"]
[Result "1-0"]
[WhiteElo "1916"]
[BlackElo "2090"]
[PlyCount "141"]
[EventDate "2021.08.07"]

1. d4 Nf6 2. c4 g6 3. Nc3 Bg7 4. e4 d6 5. f4 c5 6. d5 O-O 7. Nf3 e6 8. Be2 exd5
9. cxd5 Nbd7 10. O-O Re8 11. Nd2 c4 12. Kh1 Nc5 13. e5 dxe5 14. fxe5 Rxe5 15.
Nxc4 Re8 16. Be3 Nce4 17. Bd4 Bf5 18. Ne3 Nxc3 19. bxc3 Rxe3 20. Bxe3 Nxd5 21.
Bd4 Nxc3 22. Bxc3 Bxc3 23. Rc1 Bd2 24. Rc5 Be6 25. Bf3 Qb6 26. Qc2 Be3 27. Rc7
Qa6 28. Re1 Rb8 29. Rxb7 Rc8 30. Rc7 Rd8 31. Rc6 Bb6 32. Rcxe6 fxe6 33. Qb3 Rd6
34. Bg4 Bd8 35. Bxe6+ Kg7 36. Qc3+ Bf6 37. Qc7+ Kh6 38. Bg8 Bg7 39. Qc1+ g5 40.
h4 Qa5 41. Re7 Rg6 42. Qe3 Qd8 43. hxg5+ Rxg5 44. Qe6+ Rg6 45. Qh3+ Kg5 46.
Qe3+ Kh5 47. Qf3+ Kg5 48. Qe3+ Kh5 49. Bf7 Qd1+ 50. Qe1 Qg4 51. Qe2 Qxe2 52.
Rxe2 Bd4 53. g4+ Kh4 54. Bxg6 hxg6 55. Kg2 Bb6 56. Kf3 Kg5 57. Re5+ Kh4 58. Rb5
Bg1 59. a4 Bb6 60. a5 Bd4 61. a6 Bg1 62. Rb1 Bc5 63. Rc1 Bd4 64. Kf4 g5+ 65.
Kf5 Be3 66. Rc4 Kg3 67. Rc3 Kh4 68. Rc4 Kg3 69. Re4 Kh4 70. Re7 Bc5 71. Rh7+
1-0

[Event "Íslandsmótið í skák - áskorendaflo"]
[Site "Reykjavik"]
[Date "2021.08.08"]
[Round "2.7"]
[White "Thorisson, Benedikt"]
[Black "Jensson, Einar Hjalti"]
[Result "0-1"]
[WhiteElo "1624"]
[BlackElo "2349"]
[PlyCount "78"]
[EventDate "2021.08.07"]

1. e4 c5 2. Nf3 d6 3. d4 cxd4 4. Nxd4 Nf6 5. Nc3 a6 6. Be3 e6 7. f3 Be7 8. Qd2
b5 9. g4 Bb7 10. O-O-O Nc6 11. Nxc6 Bxc6 12. h4 b4 13. Ne2 d5 14. g5 Nd7 15.
Nd4 Bb7 16. exd5 Bxd5 17. Kb1 Ne5 18. Be2 Nc4 19. Bxc4 Bxc4 20. Nc6 Qxd2 21.
Rxd2 Bf8 22. Rd4 Bd5 23. Nxb4 Bxf3 24. Rf1 e5 25. Nd5 exd4 26. Nc7+ Kd7 27.
Nxa8 dxe3 28. Rxf3 Bc5 29. Kc1 Rxa8 30. Rf5 Kc6 31. Kd1 Rd8+ 32. Ke1 Rd7 33. c3
a5 34. Re5 Re7 35. Rxe7 Bxe7 36. Ke2 Bc5 37. c4 Kd6 38. b3 Ke5 39. a3 Ke4 0-1

[Event "Íslandsmótið í skák - áskorendaflo"]
[Site "Reykjavik"]
[Date "2021.08.08"]
[Round "2.8"]
[White "Briem, Benedikt"]
[Black "Sveinbjornsson, Gudmundur Orri"]
[Result "1-0"]
[WhiteElo "1858"]
[BlackElo "1037"]
[PlyCount "51"]
[EventDate "2021.08.07"]

1. d4 Nf6 2. Bg5 d5 3. Bxf6 exf6 4. c4 Bb4+ 5. Nc3 Bf5 6. g3 O-O 7. Bg2 c6 8.
cxd5 cxd5 9. e3 Nc6 10. Nge2 Rc8 11. O-O Be6 12. Qb3 Bxc3 13. Nxc3 Ne7 14. Qxb7
Qc7 15. Qa6 Qb6 16. Qxb6 axb6 17. Rfc1 Rfd8 18. Na4 b5 19. Rxc8 Rxc8 20. Nc5
Bf5 21. h4 h5 22. a4 bxa4 23. Rxa4 g5 24. Ra7 Nc6 25. Rb7 Na5 26. Rb5 1-0

[Event "Íslandsmótið í skák - áskorendaflo"]
[Site "Reykjavik"]
[Date "2021.08.08"]
[Round "2.9"]
[White "Omarsson, Josef"]
[Black "Jonsson, Johann"]
[Result "0-1"]
[WhiteElo "1211"]
[BlackElo "1723"]
[PlyCount "56"]
[EventDate "2021.08.07"]

1. d4 Nf6 2. Bf4 g6 3. Nf3 Bg7 4. e3 O-O 5. Be2 c5 6. O-O Nh5 7. Be5 f6 8. Bc4+
d5 9. Bxb8 Rxb8 10. Be2 cxd4 11. exd4 Nf4 12. c4 Nxe2+ 13. Qxe2 Bg4 14. Nbd2 e5
15. h3 Bxf3 16. Nxf3 e4 17. Nd2 f5 18. Nb3 dxc4 19. Qxc4+ Kh8 20. Rfd1 Rc8 21.
Qe2 Qd5 22. Kh1 b6 23. Rac1 Bh6 24. Rc2 f4 25. f3 exf3 26. Qf2 fxg2+ 27. Qxg2
f3 28. Qf2 Rxc2 0-1

[Event "Íslandsmótið í skák - áskorendaflo"]
[Site "Reykjavik"]
[Date "2021.08.08"]
[Round "2.10"]
[White "Baldursson, Benedikt"]
[Black "Briem, Gudrun Fanney"]
[Result "1/2-1/2"]
[WhiteElo "1714"]
[BlackElo "1240"]
[PlyCount "100"]
[EventDate "2021.08.07"]

1. d4 d5 2. c4 c6 3. Nc3 Nf6 4. h3 Bf5 5. Nf3 e6 6. a3 Bd6 7. Bg5 Nbd7 8. e3 h6
9. Bxf6 Nxf6 10. cxd5 cxd5 11. Bb5+ Nd7 12. Qa4 a6 13. Bxd7+ Qxd7 14. Qxd7+
Kxd7 15. g4 Bd3 16. Ne5+ Bxe5 17. dxe5 Rac8 18. Kd2 Bg6 19. Rac1 Rc6 20. Ne2
Rhc8 21. Rxc6 Rxc6 22. Nd4 Rc8 23. Rc1 Rxc1 24. Kxc1 h5 25. Kd2 hxg4 26. hxg4
Kc7 27. g5 Kd7 28. Kc3 Kc7 29. Kb4 Kb6 30. b3 Bd3 31. Kc3 Bg6 32. b4 Kc7 33. f3
Bh7 34. f4 Bg6 35. a4 Be4 36. a5 g6 37. b5 Bg2 38. Kb4 Bf1 39. b6+ Kd7 40. Kc5
Bc4 41. Nf3 Bd3 42. Nd2 Bc2 43. Nf3 Bd3 44. Nd4 Bc4 45. e4 Ba2 46. exd5 Bxd5
47. Nc2 Be4 48. Ne3 Bd3 49. Kd4 Be2 50. Kc5 Bd3 1/2-1/2

[Event "Íslandsmótið í skák - áskorendaflo"]
[Site "Reykjavik"]
[Date "2021.08.08"]
[Round "2.12"]
[White "Kristjansson, Halldor"]
[Black "Johannsson, Markus Orri"]
[Result "1-0"]
[WhiteElo "1559"]
[BlackElo "1117"]
[PlyCount "87"]
[EventDate "2021.08.07"]

1. d4 Nf6 2. Bf4 e6 3. e3 b6 4. Nf3 Bb7 5. Bd3 Be7 6. h3 d6 7. Nbd2 Nbd7 8. O-O
O-O 9. c3 e5 10. dxe5 dxe5 11. Bxe5 Nxe5 12. Nxe5 Bd6 13. Ndc4 Bxe5 14. Nxe5
Qd5 15. Nf3 Rad8 16. Be2 Qc6 17. Qb3 g5 18. Rad1 g4 19. hxg4 Nxg4 20. Qc4 Qxc4
21. Bxc4 Bxf3 22. gxf3 Ne5 23. Be2 Kh8 24. Rxd8 Rxd8 25. Rd1 Rg8+ 26. Kf1 Rg6
27. f4 Nc6 28. Rd7 Kg7 29. Rxc7 Rd6 30. Ke1 a5 31. Bf3 Nd8 32. Ke2 Kg6 33. Be4+
f5 34. Bf3 Kh6 35. e4 Re6 36. e5 Kg6 37. Bd5 Re8 38. a4 Rf8 39. b4 Nf7 40.
Bxf7+ Rxf7 41. Rxf7 Kxf7 42. b5 Ke6 43. c4 Kd7 44. Kf3 1-0

[Event "Íslandsmótið í skák - áskorendaflo"]
[Site "Reykjavik"]
[Date "2021.08.08"]
[Round "3.1"]
[White "Ptacnikova, Lenka"]
[Black "Thorhallsson, Simon"]
[Result "0-1"]
[WhiteElo "2109"]
[BlackElo "2199"]
[PlyCount "66"]
[EventDate "2021.08.07"]

1. e4 e6 2. d3 d5 3. Nd2 Nf6 4. Ngf3 Nc6 5. g3 dxe4 6. dxe4 e5 7. Bg2 Bc5 8.
O-O O-O 9. Qe2 Qe7 10. c3 a5 11. Nc4 b6 12. a4 Ba6 13. Bh3 Ne8 14. b3 Nd6 15.
Nfd2 Rad8 16. Bb2 Na7 17. Kg2 Nac8 18. Rad1 Nxc4 19. Nxc4 Nd6 20. Rd5 Nxc4 21.
bxc4 Bb7 22. Rfd1 Bxd5 23. cxd5 Ba3 24. Ba1 g6 25. c4 Bd6 26. Qc2 h5 27. f3 h4
28. g4 Kh7 29. Kh1 Rfe8 30. Re1 Qf6 31. Qd3 c6 32. Bb2 cxd5 33. exd5 e4 0-1

[Event "Íslandsmótið í skák - áskorendaflo"]
[Site "Reykjavik"]
[Date "2021.08.08"]
[Round "3.2"]
[White "Petursson, Gudni"]
[Black "Baldursson, Hrannar"]
[Result "1-0"]
[WhiteElo "1988"]
[BlackElo "2148"]
[PlyCount "129"]
[EventDate "2021.08.07"]

1. Nf3 g6 2. c4 Bg7 3. e3 c5 4. Nc3 Nf6 5. Qc2 Nc6 6. a3 d6 7. Bd3 Bg4 8. b3
O-O 9. Bb2 a6 10. h3 Bxf3 11. gxf3 e6 12. f4 d5 13. cxd5 exd5 14. Ne2 Rc8 15.
Ng3 b5 16. Be2 c4 17. bxc4 bxc4 18. O-O Nd7 19. Bxg7 Kxg7 20. Kh2 f5 21. Rg1
Kh8 22. Kg2 Qf6 23. Bf3 Ne7 24. Ne2 Nc5 25. Nd4 Nd3 26. Qc3 Rb8 27. Rab1 h5 28.
Ne2 Kg7 29. Qxf6+ Kxf6 30. Nc3 d4 31. Na4 Rb5 32. Nb6 c3 33. Rxb5 axb5 34. dxc3
dxc3 35. Nd7+ Kf7 36. Nxf8 c2 37. Nd7 c1=Q 38. Ne5+ Ke6 39. Rxc1 Nxc1 40. Nc6
Nd3 41. Nd4+ Kd6 42. Be2 Nb2 43. Bxb5 Kc5 44. Be8 Nc4 45. a4 Nd6 46. Bd7 Nd5
47. Ne6+ Kb4 48. Nd4 Nb6 49. Bc6 Nxa4 50. Bxa4 Kxa4 51. Ne6 Nc8 52. Kg3 Kb5 53.
Kh4 Kc4 54. Kg5 Kd5 55. Nf8 Ke4 56. Nxg6 Kf3 57. Kxf5 Kxf2 58. e4 Nd6+ 59. Ke5
Nc4+ 60. Kf6 Kg3 61. h4 Kg4 62. e5 Ne3 63. e6 Nd5+ 64. Ke5 Nc7 65. f5 1-0

[Event "Íslandsmótið í skák - áskorendaflo"]
[Site "Reykjavik"]
[Date "2021.08.08"]
[Round "3.3"]
[White "Jensson, Einar Hjalti"]
[Black "Ragnarsson, Johann"]
[Result "1-0"]
[WhiteElo "2349"]
[BlackElo "1916"]
[PlyCount "63"]
[EventDate "2021.08.07"]

1. g3 d5 2. Bg2 Nf6 3. d3 Bf5 4. Nd2 e6 5. e4 Bg6 6. h4 h6 7. h5 Bh7 8. e5 Nfd7
9. f4 c5 10. Ngf3 Nc6 11. Qe2 Nb4 12. Nf1 c4 13. Ne3 cxd3 14. cxd3 Nxd3+ 15.
Kf1 N7c5 16. Kg1 Qb6 17. Kh2 Nxc1 18. Rhxc1 Nd3 19. Rc3 Qxb2 20. Qxb2 Nxb2 21.
Rac1 Na4 22. Rc7 b6 23. Bf1 a6 24. Bxa6 Nc5 25. Bb5+ Kd8 26. Rxf7 Rxa2+ 27. Kg1
Ra3 28. Nd4 Be4 29. Nxe6+ Kc8 30. Nxf8 Rxe3 31. Ng6 Rd8 32. Ne7+ 1-0

[Event "Íslandsmótið í skák - áskorendaflo"]
[Site "Reykjavik"]
[Date "2021.08.08"]
[Round "3.4"]
[White "Bergsson, Stefan"]
[Black "Bjornsson, Eirikur K."]
[Result "1-0"]
[WhiteElo "2158"]
[BlackElo "1972"]
[PlyCount "78"]
[EventDate "2021.08.07"]

1. e4 c5 2. Nc3 Nc6 3. Bb5 Nd4 4. Nf3 e6 5. O-O a6 6. Bd3 b5 7. Nxd4 cxd4 8.
Ne2 Bc5 9. c3 dxc3 10. bxc3 d5 11. Bc2 dxe4 12. Bxe4 Rb8 13. d4 Bd6 14. Bf4
Bxf4 15. Nxf4 Nf6 16. Bc2 O-O 17. Qd3 Bb7 18. Rfe1 Rc8 19. a4 bxa4 20. Rxa4 g6
21. c4 Qd6 22. Ne2 Rfd8 23. f3 e5 24. Rb1 Rc7 25. Rab4 Qe7 26. d5 Qc5+ 27. Kf1
Bc8 28. Qd2 Nxd5 29. cxd5 Qxc2 30. Qe1 Qf5 31. Rd1 Rc5 32. Ng3 Qc2 33. Ne4 a5
34. Rbb1 Qc4+ 35. Kg1 Rb5 36. Rbc1 Qb4 37. Nf6+ Kg7 38. Qxe5 Qd6 39. Ne8+ Kh6
1-0

[Event "Íslandsmótið í skák - áskorendaflo"]
[Site "Reykjavik"]
[Date "2021.08.08"]
[Round "3.5"]
[White "Hardarson, Petur Palmi"]
[Black "Johannsson, Birkir Isak"]
[Result "1/2-1/2"]
[WhiteElo "2084"]
[BlackElo "2052"]
[PlyCount "58"]
[EventDate "2021.08.07"]

1. d4 d5 2. c4 e6 3. Nf3 Nf6 4. e3 a6 5. Nc3 c5 6. cxd5 exd5 7. Be2 Nc6 8. O-O
Bd6 9. dxc5 Bxc5 10. a3 O-O 11. b4 Ba7 12. b5 axb5 13. Nxb5 Bb8 14. Bb2 Ne4 15.
Rc1 Re8 16. Qb3 Bg4 17. Rcd1 Be6 18. Qc2 Qe7 19. Nc3 Nxc3 20. Qxc3 f6 21. Qc2
Kh8 22. Bd3 Bg8 23. Bb5 Rc8 24. Qf5 Bd6 25. a4 Be6 26. Qh5 Bf7 27. Qh3 Be6 28.
Qh5 Bf7 29. Qh3 Be6 1/2-1/2

[Event "Íslandsmótið í skák - áskorendaflo"]
[Site "Reykjavik"]
[Date "2021.08.08"]
[Round "3.6"]
[White "Mai, Alexander Oliver"]
[Black "Kristjansson, Halldor"]
[Result "1-0"]
[WhiteElo "2090"]
[BlackElo "1559"]
[PlyCount "35"]
[EventDate "2021.08.07"]

1. e4 c5 2. Nf3 d6 3. d4 cxd4 4. Nxd4 Nf6 5. Nc3 Nc6 6. Bg5 e6 7. Qd2 Bd7 8.
Ndb5 Qb8 9. O-O-O Ng4 10. f3 a6 11. Nxd6+ Qxd6 12. Qxd6 Bxd6 13. Rxd6 h6 14.
Bh4 Ne3 15. Bf2 Nxf1 16. Rxf1 Rc8 17. Rfd1 Ne5 18. Bg3 1-0

[Event "Íslandsmótið í skák - áskorendaflo"]
[Site "Reykjavik"]
[Date "2021.08.08"]
[Round "3.7"]
[White "Jonsson, Gauti Pall"]
[Black "Heidarsson, Mikael Bjarki"]
[Result "1-0"]
[WhiteElo "2070"]
[BlackElo "1473"]
[PlyCount "47"]
[EventDate "2021.08.07"]

1. e4 c6 2. d4 d5 3. e5 c5 4. dxc5 Nc6 5. Nf3 Bg4 6. Bb5 Qa5+ 7. Nc3 e6 8. Bd2
Qc7 9. O-O Bxc5 10. b4 Bb6 11. a4 a6 12. a5 Ba7 13. Ba4 Nge7 14. b5 axb5 15.
Nxb5 Qd8 16. Nd6+ Kf8 17. Nxf7 Kxf7 18. Ng5+ Kg8 19. Qxg4 Nd4 20. Nxe6 Nxe6 21.
Qxe6+ Kf8 22. Bb4 Bd4 23. Ra3 b5 24. Rf3+ 1-0